000 00251nam a22001217a 4500
999 _c158815
_d158815
082 _a
_b
100 _aKundu C L
245 _aAutonomous colleges/
_cby Kundu C L.
260 _a
_bSterling,
_c1993.
300 _a143p.
650 _a
942 _cBK